| 000 | 00833nam a2200253Ia 4500 | ||
|---|---|---|---|
| 003 | GCL | ||
| 008 | 140319s9999 xx 000 0 ara d | ||
| 040 |
_aGCL / _cGCL |
||
| 082 | 0 | 4 |
_a792.015 _bس ت |
| 100 | 1 | _aسمير سرحان | |
| 245 | 1 | 0 |
_aتجارب جديدة فى الفن المسرحى / _cسمير سرحان |
| 260 |
_aالقاهرة : _bمكتبة غريب ، _c1970 |
||
| 300 |
_a152 ص ؛ _c24 سم |
||
| 490 |
_aالهيئة العامة للاستعلامات _v0 |
||
| 650 | 0 | 4 | _aالتذوق المسرحى |
| 650 | 0 | 4 | _aالاخراج المسرحى |
| 650 | 0 | 4 | _aالتمثيل المسرحى |
| 650 | 0 | 4 | _aالمسرح |
| 650 | 0 | 4 | _aالمسرحيات |
| 650 | 0 | 4 | _aالممثلون والممثلات |
| 650 | 0 | 4 | _aالفن المسرحى |
| 650 | 0 | 4 | _aالمسرح - نقد |
| 942 |
_2ddc _cBK |
||
| 999 |
_c46894 _d46894 |
||